000 00626nam a2200253Ia 4500
003 OSt
005 20221007071414.0
006 a|||||r|||| 00| 0
007 ta
008 221006b |||||||| |||| 00| 0 eng d
024 _a15,442
037 _cTextual
040 _aFLL
_cFLL
_beng
041 _2eng
_aeng
082 _aX43:Z3, K6.1
100 _aKeenan Peter B.
_9688700
245 0 _aAir law
250 _a3rd
260 _aLondon
_bButterworths London
_c1966
300 _a736p
_ccm.
490 _vVol. 1
942 _hX43:Z3, K6.1
_cTEXL
_2CC
999 _c1143259
_d1143259